Statistiques concernant Films avec Daniel Auteuil par image

Cliquez ici pour prendre le quiz!

Statistiques générales

  • Ce quiz a été pris 61 fois
  • Le résultat moyen est 5 sur 16

Statistiques - réponses

Réponse% Correct
Les Sous-doués
88%
Jean de Florette
68%
Le Placard
58%
La Reine Margot
56%
Le Huitième Jour
46%
La Doublure
37%
36 quai des Orfèvres
32%
La Belle Epoque
23%
Le Brio
23%
Rémi sans famille
23%
Le Nouveau Jouet
21%
Jappeloup
19%
La Fille du puisatier
19%
Romuald et Juliette
18%
L'Invité
7%
L'Entente cordiale
4%

Distribution des résultats

Percentile par nombre de réponses

% des personnes avec chaque résultat

Votre développement - résultats

Vous n’avez pas pris ce quiz